Regiony graniczące z państwami bałtyckimi - Statystyki

Ogólne statystyki
  • Ten quiz został rozwiązany 6 razy
    4 od ostatniego zresetowania
  • Średni wynik to 2 z 7
Statystyki odpowiedzi
Państwo Region % Poprawnych
Polska podlaskie
67%
Polska warmińsko-mazurskie
67%
Rosja królewiecki
33%
Rosja pskowski
33%
Białoruś grodzieński
0%
Rosja leningradzki
0%
Białoruś witebski
0%
Nie znaleziono quizów pasujących do podanych kryteriów
Rozkład punktacji
Procent ludzi z każdym wynikiem
Percentyl według liczby udzielonych odpowiedzi
Twoja historia wyników
Nie rozwiązałeś tego quizu od ostatniego zresetowania